Statistics for Top Five Biggest Cities In Each European Country

Click here to take the quiz!

General Stats

  • This quiz has been taken 3,167 times
    (352 since last reset)
  • The average score is 109 of 212

Answer Stats

HintAnswer% Correct
FranceParis
97%
FinlandHelsinki
95%
GermanyBerlin
94%
RussiaMoscow
94%
AustriaVienna
94%
BelgiumBrussels
93%
GermanyMunich
93%
RussiaSaint Petersburg
93%
GreeceAthens
92%
HungaryBudapest
92%
GermanyHamburg
92%
LuxembourgLuxembourg
92%
FranceLyon
92%
NorwayOslo
92%
ItalyRome
92%
AlbaniaTirana
92%
RomaniaBucharest
91%
IrelandDublin
91%
UkraineKiev
91%
United KingdomLondon
91%
SpainMadrid
91%
FranceMarseille
91%
ItalyMilan
91%
BelarusMinsk
91%
Czech RepublicPrague
91%
NetherlandsAmsterdam
90%
SpainBarcelona
90%
DenmarkCopenhagen
90%
PortugalLisbon
90%
BulgariaSofia
90%
SwedenStockholm
90%
PolandWarsaw
90%
CroatiaZagreb
90%
SwitzerlandBern
89%
United KingdomManchester
89%
ItalyNaples
89%
LithuaniaVilnius
89%
MonacoMonaco
88%
LatviaRiga
88%
San MarinoSan Marino
88%
EstoniaTallinn
88%
SerbiaBelgrade
87%
Bosnia and HerzegovinaSarajevo
87%
AndorraAndorra la Vella
86%
United KingdomBirmingham
86%
SlovakiaBratislava
86%
GermanyCologne
86%
PortugalPorto
86%
NetherlandsRotterdam
86%
SwitzerlandZürich
86%
GermanyFrankfurt
85%
IcelandReykjavik
85%
MacedoniaSkopje
85%
SpainValencia
85%
FranceNice
84%
United KingdomLiverpool
83%
SloveniaLjubljana
83%
SpainSeville
83%
BelgiumAntwerp
82%
SwitzerlandGeneva
82%
ItalyTurin
82%
LiechtensteinVaduz
82%
PolandKraków
81%
MoldovaChișinău
80%
SwedenMalmö
80%
NetherlandsThe Hague
80%
SwedenGothenburg
79%
AustriaSalzburg
79%
IrelandCork
77%
United KingdomLeeds
77%
KosovoPriština
77%
Montenegro Podgorica
76%
FranceToulouse
75%
GreeceThessaloniki
74%
NorwayBergen
73%
AustriaGraz
73%
ItalyPalermo
73%
AustriaInnsbruck
72%
CroatiaSplit
72%
UkraineDonetsk
66%
UkraineKharkiv
66%
UkraineOdessa
66%
DenmarkAarhus
63%
SwitzerlandBasel
63%
Czech RepublicBrno
62%
BelgiumGhent
62%
AustriaLinz
62%
PolandŁódź
62%
NetherlandsUtrecht
59%
RomaniaCluj-Napoca
58%
RussiaYekaterinburg
58%
SpainZaragoza
58%
FinlandTampere
57%
UkraineDnipro
55%
RussiaKazan
55%
RussiaNizhny Novgorod
55%
PolandWrocław
55%
LithuaniaKaunas
54%
SerbiaNovi Sad
54%
DenmarkAalborg
53%
BelgiumLiège
53%
BulgariaVarna
53%
IrelandLimerick
52%
NorwayTrondheim
52%
PolandPoznań
51%
NetherlandsEindhoven
50%
IrelandGalway
50%
FinlandOulu
50%
BulgariaPlovdiv
50%
SwitzerlandLausanne
49%
SwedenUppsala
48%
BelgiumCharleroi
47%
AlbaniaDurrës
46%
Czech RepublicPlzeň
46%
PortugalBraga
45%
HungaryDebrecen
45%
FinlandEspoo
45%
SlovakiaKošice
45%
SloveniaMaribor
45%
DenmarkOdense
45%
Czech RepublicOstrava
44%
GreeceHeraklion
43%
BelarusHomyel
42%
NorwayStavanger
42%
MoldovaTiraspol
42%
MaltaMosta
41%
SerbiaNiš
41%
EstoniaTartu
41%
LithuaniaKlaipėda
40%
Bosnia and HerzegovinaBanja Luka
39%
RomaniaConstanta
37%
CroatiaRijeka
37%
RomaniaTimișoara
37%
BulgariaBurgas
34%
RomaniaIași
34%
LatviaDaugavpils
33%
GreecePatras
33%
LiechtensteinSchaan
33%
CroatiaZadar
33%
KosovoPeja
31%
IrelandWaterford
30%
BelarusHrodna
29%
GreeceLarissa
29%
SwedenLinköping
28%
EstoniaNarva
27%
HungaryPécs
26%
HungarySzeged
26%
DenmarkEsbjerg
25%
IcelandAkureyri
24%
CroatiaOsijek
24%
AlbaniaVlorë
24%
FinlandVantaa
23%
LuxembourgEsch-sur-Alzette
21%
SloveniaKoper
21%
Czech RepublicLiberec
21%
BelarusVitebsk
21%
MacedoniaBitola
20%
NorwayDrammen
20%
HungaryMiskolc
20%
EstoniaPärnu
20%
KosovoPrizren
20%
AlbaniaShkodër
20%
SerbiaSubotica
19%
Bosnia and HerzegovinaTuzla
19%
LatviaLiepāja
18%
BelarusMahilyow
18%
BulgariaRuse
18%
SlovakiaPrešov
17%
KosovoMitrovicë
16%
Montenegro Nikšić
16%
PortugalVila Nova de Gaia
16%
MoldovaBălți
15%
AlbaniaElbasan
15%
MaltaBirkirkara
14%
SloveniaCelje
14%
LuxembourgDudelange
14%
MaltaSaint Paul's Bay
14%
Lithuania Šiauliai
14%
MacedoniaTetovo
14%
Bosnia and HerzegovinaZenica
14%
SlovakiaŽilina
14%
SerbiaKragujevac
13%
LithuaniaPanevėžys
13%
PortugalAmadora
12%
LatviaJelgava
12%
LatviaJūrmala
12%
MacedoniaKumanovo
12%
SlovakiaBanská Bystrica
11%
MoldovaBender
11%
LuxembourgDifferdange
11%
AndorraEncamp
11%
SloveniaKranj
11%
Montenegro Cetinje
10%
IcelandKópavogur
10%
EstoniaKohtla-Järve
9%
MaltaSliema
9%
LiechtensteinTriesen
9%
LiechtensteinEschen
8%
AndorraLa Massana
8%
Montenegro Pljevlja
8%
LiechtensteinBalzers
7%
AndorraEscaldes-Engordany
7%
MacedoniaPrilep
7%
AndorraSant Julià de Lòria
7%
IcelandHafnarfjörður
6%
MaltaQormi
6%
Bosnia and HerzegovinaBijeljina
5%
MoldovaRîbnița
5%
LuxembourgEttelbruck
4%
IcelandReykjanesbær
4%
Montenegro Bijelo Polje
3%
KosovoGnjilane
3%

Score Distribution

Percentile by Number Answered

Percent of People with Each Score

Your Score History

You have not taken this quiz since the last reset